000 00669nam a22001937a 4500
999 _c172098
_d172098
005 20200127164653.0
010 _aA-412380
020 _c30.00
035 _aA-412380
037 _bBPPD/Pub.
082 _a840.08
100 _aمحمد خالد اقبال صید یقی
245 _aمولانا محمد حسین آزاد کی تنقیر نگاری /
_cمحمد خالد اقبال صید یقی
246 _aMaulana Mohammed Azad ki Tanqir Nigari (Urdu) /
_bby Mohammad Khalid Iqbal Siddiqui
260 _aBhopal
_bBhopal Book House
_c1989 ء
270 _a-
_b-
_e-
300 _a259p.
_c20cm(Hb)
942 _2ddc
_cUR
_h840.08
_mم ح م